00593nam a22001937a 4500003000500000005001700005008004100022010001000063011001000073035001000083040000900093100001400102245011000116260008700226300001000313500001000323650003800333650002800371CHAP20220329141444.0971013s1987 cu r 00010 spa d a68431 a69403 a78879 cCHAP00aRivas, E.1 aBiotipos de Bipolaria sacchari (Bult.) Schoemaker y su actividad micotóxica en patrones diferenciadores a[La Habana] :bInstituto Superior de Ciencias Agropecuarias de La Habana,c[1987?] a17 p. a29-6714aCaña de azúcarxEnfermedades.14aHongos fitopatógenos.